Surveyors acting as adjudicators in the construction industry when Scots Law applies (Record no. 116187)

MARC details
000 -LEADER
fixed length control field 02153cad a22002895a 4500
001 - CONTROL NUMBER
control field E160069
008 - FIXED-LENGTH DATA ELEMENTS--GENERAL INFORMATION
fixed length control field 110620s2018 xxk 000 0 eng u
020 ## - INTERNATIONAL STANDARD BOOK NUMBER
International Standard Book Number 9781783212886
035 ## - SYSTEM CONTROL NUMBER
System control number (Sirsi) u160069
041 0# - LANGUAGE CODE
Language code of text/sound track or separate title eng
050 04 - LIBRARY OF CONGRESS CALL NUMBER
Classification number 347.4107 $2 18
110 2# - MAIN ENTRY--CORPORATE NAME
Corporate name or jurisdiction name as entry element Royal Institution of Chartered Surveyors
9 (RLIN) 4900
245 00 - TITLE STATEMENT
Title Surveyors acting as adjudicators in the construction industry when Scots Law applies
Medium [electronic resource]
250 ## - EDITION STATEMENT
Edition statement 4th ed.
260 ## - PUBLICATION, DISTRIBUTION, ETC.
Place of publication, distribution, etc. London
Name of publisher, distributor, etc. RICS
Date of publication, distribution, etc. 2018
490 #0 - SERIES STATEMENT
Series statement RICS Guidance Note
520 ## - SUMMARY, ETC.
Summary, etc. The aim of this guidance note, is to provide adjudicators with a clear understanding of their role and duties, and a strong foundation on which to build, ensuring enforceable decisions are produced. While this guidance note does not set out to provide a complete and comprehensive guide to all aspects of adjudication, it should be considered an essential basis for practice as an adjudicator, where Scots law applies. It is also of note that this guidance is reflective of current practice and law at the time of drafting. Adjudicators should remain aware of this, and ensure any advice taken from this guidance note is supplemented with up-to-date knowledge of adjudication and its principles. It also provides useful insight into the process for parties to disputes, and those representing them, to ensure they are aware of key matters and procedural considerations.
520 ## - SUMMARY, ETC.
Summary, etc. Supersedes 3rd edition (ISBN 9781783210077).
520 ## - SUMMARY, ETC.
Summary, etc. This document was originally published in April 2018 as an RICS guidance note and reissued in June 2024 as an RICS professional standard.
520 ## - SUMMARY, ETC.
Summary, etc. Effective 25/04/2018.
590 ## - LOCAL NOTE (RLIN)
Local note KA NTK
650 24 - SUBJECT ADDED ENTRY--TOPICAL TERM
Topical term or geographic name entry element ALTERNATIVE DISPUTE RESOLUTION
651 #4 - SUBJECT ADDED ENTRY--GEOGRAPHIC NAME
Geographic name Scotland
Chronological subdivision 1999-
690 ## - LOCAL SUBJECT ADDED ENTRY--TOPICAL TERM (OCLC, RLIN)
Topical term or geographic name as entry element MANAGEMENT-DISPUTE AVOIDANCE, MANAGEMENT AND RESOLUTION-DISPUTE MANAGEMENT AND RESOLUTION-ALTERNATIVE DISPUTE RESOLUTION-ADJUDICATION
856 41 - ELECTRONIC LOCATION AND ACCESS
Uniform Resource Identifier <a href="https://www.rics.org/content/dam/ricsglobal/documents/standards/April_2018_Surveyors_Acting_As_Adjudicators_In_The_Construction_Industry_When_Scots_Law_Applies_4th_Edition.pdf">https://www.rics.org/content/dam/ricsglobal/documents/standards/April_2018_Surveyors_Acting_As_Adjudicators_In_The_Construction_Industry_When_Scots_Law_Applies_4th_Edition.pdf</a>
Public note Available on RICS.org
942 ## - ADDED ENTRY ELEMENTS (KOHA)
Suppress in OPAC 0
Source of classification or shelving scheme Dewey Decimal Classification
Holdings
Withdrawn status Lost status Source of classification or shelving scheme Damaged status Not for loan Home library Current library Shelving location Date acquired Total Checkouts Full call number Date last seen Copy number Price effective from Koha item type
    Dewey Decimal Classification     Virtual Virtual Online 16/05/2018   ONLINE PUBLICATION 03/09/2024 1 06/08/2019 Online material